书目信息 |
| 题名: |
工业经济管理问题研究
|
|
| 作者: | 塞凤 , 陈淮 著 | |
| 分册: | ||
| 出版信息: | 北京 中国人民大学出版社 1987 |
|
| 页数: | 742页 | |
| 开本: | 20cm | |
| 丛书名: | 中国人民大学丛书 | |
| 单 册: | ||
| 中图分类: | F42 | |
| 科图分类: | ||
| 主题词: | 工业管理 , 工业经济--中国 | |
| 电子资源: | ||
| ISBN: | 7-300-00142-4 | |
| 000 | 00761nam2 2200277 45 | |
| 001 | 0187002933 | |
| 005 | 20040429153113.3 | |
| 010 | @a7-300-00142-4@dCNY5.15 | |
| 100 | @a19900808d1987 kemy0chiy0121 ea | |
| 101 | 0 | @achi |
| 102 | @aCN@b110000 | |
| 105 | @ay z 000yy | |
| 106 | @ar | |
| 200 | 10 | @a工业经济管理问题研究@Agong ye jing ji guan li wen ti yan jiu@f塞凤, 陈淮著 |
| 210 | @a北京@c中国人民大学出版社@d1987 | |
| 215 | @a742页@d20cm | |
| 225 | 2 | @a中国人民大学丛书 |
| 410 | 0 | @120010@a中国人民大学丛书 |
| 606 | @a工业管理 | |
| 606 | 0 | @a工业经济@x中国 |
| 690 | @aF42 | |
| 701 | 0 | @a塞凤@Asai feng@4著 |
| 701 | 0 | @a陈淮@Achen huai@4著 |
| 801 | 0 | @aCN@b深圳图书馆@c20040429 |
| 801 | 2 | @aCN@bNLC@c20040429 |
| 905 | @f1@b202336@dF42@e33 | |
| 工业经济管理问题研究/塞凤, 陈淮著.-北京:中国人民大学出版社,1987 |
| 742页;20cm.-(中国人民大学丛书) |
| ISBN 7-300-00142-4:CNY5.15 |
| ● |
| 相关链接 |
|
|
|
|
正题名:工业经济管理问题研究
索取号:F42/33
 
预约/预借
| 序号 | 登录号 | 条形码 | 馆藏地/架位号 | 状态 | 备注 |
| 1 | 0202336 | 000209036 | 第一借阅区/ [索取号:F42/33] | 在馆 | |
| 2 | 0202337 | 000209009 | 第一样本阅览室/ [索取号:F42/33] | 在馆 |